Codigo Tributario: aprobado por Decreto Nº 645, de 25 de abril de 1994, del Ministerio de Justicia
সংরক্ষণ করুন:
| বিন্যাস: | গ্রন্থ |
|---|---|
| ভাষা: | স্প্যানিশ |
| প্রকাশিত: |
Santiago
Jurídica de Chile
1995
|
| সংস্করন: | 14a. ed |
| বিষয়গুলি: | |
| ট্যাগগুলো: |
ট্যাগ যুক্ত করুন
কোনো ট্যাগ নেই, প্রথমজন হিসাবে ট্যাগ করুন!
|
MARC
| LEADER | 00000nam a2200000 a 4500 | ||
|---|---|---|---|
| 001 | UCY6559 | ||
| 003 | CL-VaPUC | ||
| 008 | 950529e19950000CL |||||||||||||||||spa|d | ||
| 082 | 0 | 4 | |a 343.8304 |b COD |2 21 |
| 245 | 1 | 0 | |a Codigo Tributario: aprobado por Decreto Nº 645, de 25 de abril de 1994, del Ministerio de Justicia |
| 250 | |a 14a. ed | ||
| 300 | |a 468 p | ||
| 942 | |c BK | ||
| 945 | |d 19950529 00:00:00 |a aalvarez | ||
| 260 | |a Santiago |b Jurídica de Chile |c 1995 | ||
| 500 | |a Apéndice actualizado a enero de 1995 | ||
| 650 | 0 | |a Impuestos |9 255450 | |
| 650 | 0 | |a Derecho tributario |9 258895 | |
| 651 | 7 | |a CHILE |2 CL-VaPUC |9 336552 | |
| 583 | |a last modification |c 20111020 11:53:50 |k Rodrigo Vera | ||
| 999 | |c 234116 |d 234114 | ||
| 952 | |0 0 |1 0 |2 ddc |4 0 |6 343_830400000000000_COD_1995 |7 0 |8 FOND_LRYV |9 240106 |a BIBDER |b BIBDER |d 2019-11-18 |i 3087131 |o 343.8304 COD 1995 |p 3087131 |r 2023-01-25 |w 2019-11-18 |y BK_X |k DER | ||
| 952 | |0 0 |1 0 |2 ddc |4 0 |6 343_830400000000000_COD_1995 |7 0 |8 FOND_LRYV |9 240108 |a BIBDER |b BIBDER |d 2019-11-18 |i 3157008 |o 343.8304 COD 1995 |p 3157008 |r 2023-01-25 |w 2019-11-18 |y BK_X |k DER | ||